[Event "Grand Swiss "]
[Date "2025.09.14"]
[White "Van Foreest, Jorden"]
[Black "Sindarov, Javokhir"]
[WhiteElo "2692"]
[BlackElo "2722"]
[Round "10.10.9"]
[Result "1/2-1/2"]

1. e4 {[%clk 01:40:55] [%emt 00:00:03]} e5 {[%clk 01:40:51] [%emt 00:00:10]} 2.
Nf3 {[%clk 01:41:14] [%emt 00:00:11]} Nc6 {[%clk 01:41:15] [%emt 00:00:07]} 3.
Bb5 {[%clk 01:41:37] [%emt 00:00:07]} a6 {[%clk 01:41:36] [%emt 00:00:10]} 4.
Ba4 {[%clk 01:41:59] [%emt 00:00:07]} Nf6 {[%clk 01:42:00] [%emt 00:00:07]} 5.
d3 {[%clk 01:42:09] [%emt 00:00:20]} Bc5 {[%clk 01:40:29] [%emt 00:02:01]} 6.
Bxc6 {[%clk 01:42:25] [%emt 00:00:14]} dxc6 {[%clk 01:40:50] [%emt 00:00:10]} 7.
O-O {[%clk 01:41:05] [%emt 00:01:50]} Qe7 {[%clk 01:39:14] [%emt 00:02:06]} 8.
Qe2 {[%clk 01:36:52] [%emt 00:04:43]} Bg4 {[%clk 01:37:09] [%emt 00:02:36]} 9.
Be3 {[%clk 01:35:01] [%emt 00:02:21]} Nd7 {[%clk 01:33:27] [%emt 00:04:12]} 10.
Nbd2 {[%clk 01:33:20] [%emt 00:02:10]} a5 {[%clk 01:32:33] [%emt 00:01:25]} 11.
h3 {[%clk 01:30:02] [%emt 00:03:48]} Bh5 {[%clk 01:32:41] [%emt 00:00:21]} 12.
c3 {[%clk 01:23:01] [%emt 00:07:32]} O-O {[%clk 01:27:36] [%emt 00:05:35]} 13.
Rfd1 {[%clk 01:19:01] [%emt 00:04:31]} Bxe3 {[%clk 01:04:33] [%emt 00:23:33]}
14. Qxe3 {[%clk 01:19:18] [%emt 00:00:13]} Rfd8 {[%clk 01:04:59] [%emt
00:00:05]} 15. g4 {[%clk 01:15:42] [%emt 00:04:05]} Bg6 {[%clk 01:05:11] [%emt
00:00:17]} 16. Nf1 {[%clk 01:13:44] [%emt 00:02:28]} c5 {[%clk 01:05:10] [%emt
00:00:32]} 17. Ng3 {[%clk 01:13:14] [%emt 00:01:00]} a4 {[%clk 01:03:42] [%emt
00:01:59]} 18. h4 {[%clk 01:05:33] [%emt 00:08:10]} h6 {[%clk 01:00:56] [%emt
00:03:16]} 19. h5 {[%clk 00:57:40] [%emt 00:08:23]} Bh7 {[%clk 01:00:52] [%emt
00:00:35]} 20. g5 {[%clk 00:53:14] [%emt 00:04:56]} Ra6 {[%clk 00:59:00] [%emt
00:02:22]} 21. d4 {[%clk 00:51:04] [%emt 00:02:40]} exd4 {[%clk 00:54:53] [%emt
00:04:37]} 22. cxd4 {[%clk 00:51:16] [%emt 00:00:17]} Re8 {[%clk 00:54:21] [%emt
00:01:02]} 23. gxh6 {[%clk 00:37:45] [%emt 00:14:02]} Rxh6 {[%clk 00:53:31]
[%emt 00:01:20]} 24. Qg5 {[%clk 00:33:52] [%emt 00:04:23]} Nf6 {[%clk 00:33:14]
[%emt 00:20:48]} 25. e5 {[%clk 00:18:54] [%emt 00:15:28]} Nxh5 {[%clk 00:32:39]
[%emt 00:01:04]} 26. Qxe7 {[%clk 00:19:15] [%emt 00:00:09]} Rxe7 {[%clk
00:32:57] [%emt 00:00:12]} 27. dxc5 {[%clk 00:19:36] [%emt 00:00:09]} Re8 {[%clk
00:32:34] [%emt 00:00:53]} 28. Nxh5 {[%clk 00:19:09] [%emt 00:00:57]} Rxh5
{[%clk 00:32:26] [%emt 00:00:39]} 29. Rd4 {[%clk 00:19:34] [%emt 00:00:04]} Bf5
{[%clk 00:31:52] [%emt 00:01:04]} 30. Rad1 {[%clk 00:11:11] [%emt 00:08:53]} Rh6
{[%clk 00:16:14] [%emt 00:16:08]} 31. R1d2 {[%clk 00:09:08] [%emt 00:02:33]} Ra6
{[%clk 00:12:36] [%emt 00:04:07]} 32. Kg2 {[%clk 00:06:55] [%emt 00:02:44]} Kf8
{[%clk 00:12:01] [%emt 00:01:06]} 33. Kg3 {[%clk 00:06:01] [%emt 00:01:24]} Ra5
{[%clk 00:11:00] [%emt 00:01:31]} 34. Rb4 {[%clk 00:05:45] [%emt 00:00:46]} Bc8
{[%clk 00:09:16] [%emt 00:02:14]} 35. Rc2 {[%clk 00:05:38] [%emt 00:00:37]} a3
{[%clk 00:09:05] [%emt 00:00:41]} 36. b3 {[%clk 00:05:36] [%emt 00:00:31]} Ra6
{[%clk 00:09:07] [%emt 00:00:28]} 37. Rh4 {[%clk 00:03:04] [%emt 00:03:02]} Ke7
{[%clk 00:05:06] [%emt 00:04:31]} 38. Nd4 {[%clk 00:02:30] [%emt 00:01:03]} Rd8
{[%clk 00:03:49] [%emt 00:01:47]} 39. c6 {[%clk 00:01:59] [%emt 00:01:01]} g5
{[%clk 00:03:41] [%emt 00:00:38]} 40. Re4 {[%clk 00:01:33] [%emt 00:00:56]} b6
{[%clk 00:04:06] [%emt 00:00:05]} 1/2-1/2

[Site "Europe Echecs"]

[Event "Grand Swiss "]
[Date "2025.09.14"]
[White "Saric, Ivan"]
[Black "Vidit, Santosh Gujrathi"]
[WhiteElo "2655"]
[BlackElo "2712"]
[Round "10.10.10"]
[Result "0-1"]

1. Nf3 {[%clk 01:40:56] [%emt 00:00:03]} d5 {[%clk 01:39:31] [%emt 00:01:30]} 2.
g3 {[%clk 01:41:21] [%emt 00:00:05]} Nf6 {[%clk 01:35:14] [%emt 00:04:46]} 3.
Bg2 {[%clk 01:41:07] [%emt 00:00:44]} e6 {[%clk 01:35:26] [%emt 00:00:17]} 4.
O-O {[%clk 01:41:31] [%emt 00:00:06]} Be7 {[%clk 01:35:33] [%emt 00:00:24]} 5.
b3 {[%clk 01:37:37] [%emt 00:04:24]} c5 {[%clk 01:32:41] [%emt 00:03:21]} 6. Bb2
{[%clk 01:37:46] [%emt 00:00:22]} Nc6 {[%clk 01:25:45] [%emt 00:07:26]} 7. d4
{[%clk 01:37:41] [%emt 00:00:35]} O-O {[%clk 01:15:27] [%emt 00:10:48]} 8. Nbd2
{[%clk 01:28:23] [%emt 00:09:48]} cxd4 {[%clk 01:02:49] [%emt 00:13:07]} 9. Nxd4
{[%clk 01:28:47] [%emt 00:00:06]} Bd7 {[%clk 01:02:59] [%emt 00:00:20]} 10. c4
{[%clk 01:19:57] [%emt 00:09:20]} Nxd4 {[%clk 01:01:08] [%emt 00:02:21]} 11.
Bxd4 {[%clk 01:18:12] [%emt 00:02:15]} Bc6 {[%clk 01:01:32] [%emt 00:00:06]} 12.
Rc1 {[%clk 01:17:10] [%emt 00:01:32]} Rc8 {[%clk 00:54:47] [%emt 00:07:15]} 13.
e3 {[%clk 00:59:20] [%emt 00:18:20]} Qa5 {[%clk 00:45:34] [%emt 00:09:42]} 14.
cxd5 {[%clk 00:56:50] [%emt 00:03:00]} Bxd5 {[%clk 00:40:37] [%emt 00:05:27]}
15. Nc4 {[%clk 00:56:03] [%emt 00:01:17]} Bxc4 {[%clk 00:38:15] [%emt 00:02:53]}
16. bxc4 {[%clk 00:55:26] [%emt 00:01:07]} b6 {[%clk 00:26:19] [%emt 00:12:26]}
17. Qb3 {[%clk 00:54:56] [%emt 00:00:59]} Rc7 {[%clk 00:26:42] [%emt 00:00:07]}
18. a4 {[%clk 00:41:14] [%emt 00:14:13]} Rfc8 {[%clk 00:22:03] [%emt 00:05:08]}
19. Qb5 {[%clk 00:38:41] [%emt 00:03:03]} Nd7 {[%clk 00:21:27] [%emt 00:01:07]}
20. Qxa5 {[%clk 00:37:14] [%emt 00:01:58]} bxa5 {[%clk 00:21:55] [%emt
00:00:01]} 21. Rfd1 {[%clk 00:37:18] [%emt 00:00:26]} f6 {[%clk 00:17:43] [%emt
00:04:42]} 22. Bf1 {[%clk 00:29:22] [%emt 00:08:25]} Bc5 {[%clk 00:14:34] [%emt
00:03:39]} 23. Rb1 {[%clk 00:25:50] [%emt 00:04:03]} Kf7 {[%clk 00:08:58] [%emt
00:06:04]} 24. Rb5 {[%clk 00:22:30] [%emt 00:03:51]} Bb4 {[%clk 00:05:50] [%emt
00:03:39]} 25. c5 {[%clk 00:15:48] [%emt 00:07:12]} a6 {[%clk 00:05:40] [%emt
00:00:39]} 26. Rb6 {[%clk 00:15:48] [%emt 00:00:31]} Nxb6 {[%clk 00:04:30] [%emt
00:01:40]} 27. cxb6 {[%clk 00:16:14] [%emt 00:00:04]} Rc6 {[%clk 00:04:11] [%emt
00:00:49]} 28. Bxa6 {[%clk 00:08:48] [%emt 00:07:56]} Rd8 {[%clk 00:04:30] [%emt
00:00:11]} 29. Bb5 {[%clk 00:04:26] [%emt 00:04:53]} Rxb6 {[%clk 00:04:34] [%emt
00:00:26]} 30. Rc1 {[%clk 00:04:54] [%emt 00:00:02]} Rb7 {[%clk 00:04:49] [%emt
00:00:14]} 31. f4 {[%clk 00:03:29] [%emt 00:01:55]} Bd6 {[%clk 00:03:16] [%emt
00:02:02]} 32. Rc6 {[%clk 00:03:35] [%emt 00:00:25]} Rc7 {[%clk 00:02:58] [%emt
00:00:48]} 33. Ra6 {[%clk 00:04:02] [%emt 00:00:04]} Bc5 {[%clk 00:00:37] [%emt
00:02:51]} 34. Bxc5 {[%clk 00:04:12] [%emt 00:00:20]} Rxc5 {[%clk 00:01:05]
[%emt 00:00:01]} 35. Rxa5 {[%clk 00:04:31] [%emt 00:00:12]} Rc1+ {[%clk
00:00:37] [%emt 00:00:58]} 36. Kf2 {[%clk 00:04:38] [%emt 00:00:23]} Rd2+ {[%clk
00:00:47] [%emt 00:00:21]} 37. Kf3 {[%clk 00:05:04] [%emt 00:00:04]} f5 {[%clk
00:01:06] [%emt 00:00:11]} 38. g4 {[%clk 00:04:35] [%emt 00:00:59]} Rcc2 {[%clk
00:00:35] [%emt 00:01:02]} 39. Ra7+ {[%clk 00:04:26] [%emt 00:00:39]} Kf8 {[%clk
00:00:57] [%emt 00:00:08]} 40. Ra8+ {[%clk 00:03:55] [%emt 00:01:01]} Ke7 {[%clk
00:01:08] [%emt 00:00:18]} 41. Ra7+ {[%clk 00:04:15] [%emt 00:00:11]} Kd8 {[%clk
00:46:55] [%emt 00:04:42]} 42. h3 {[%clk 00:48:18] [%emt 00:06:27]} Rh2 {[%clk
00:21:20] [%emt 00:26:06]} 43. Kg3 {[%clk 00:48:14] [%emt 00:00:34]} Rcg2+
{[%clk 00:20:58] [%emt 00:00:52]} 44. Kf3 {[%clk 00:48:18] [%emt 00:00:26]} Rg1
{[%clk 00:20:26] [%emt 00:01:02]} 45. gxf5 {[%clk 00:42:32] [%emt 00:06:15]}
exf5 {[%clk 00:18:56] [%emt 00:02:01]} 46. a5 {[%clk 00:36:08] [%emt 00:06:54]}
Rxh3+ {[%clk 00:17:49] [%emt 00:01:37]} 47. Ke2 {[%clk 00:36:19] [%emt
00:00:19]} Rh2+ {[%clk 00:16:40] [%emt 00:01:39]} 48. Kf3 {[%clk 00:33:45] [%emt
00:03:03]} h5 {[%clk 00:15:21] [%emt 00:01:49]} 49. Rd7+ {[%clk 00:29:35] [%emt
00:04:40]} Kc8 {[%clk 00:15:43] [%emt 00:00:08]} 50. Rd5 {[%clk 00:23:49] [%emt
00:06:15]} g6 {[%clk 00:13:31] [%emt 00:02:42]} 51. e4 {[%clk 00:23:27] [%emt
00:00:52]} fxe4+ {[%clk 00:04:15] [%emt 00:09:46]} 52. Kxe4 {[%clk 00:23:42]
[%emt 00:00:15]} h4 {[%clk 00:03:45] [%emt 00:01:00]} 53. Ke5 {[%clk 00:22:11]
[%emt 00:02:01]} Rc2 {[%clk 00:02:16] [%emt 00:01:58]} 54. Kd6 {[%clk 00:18:08]
[%emt 00:04:34]} Kb8 {[%clk 00:02:36] [%emt 00:00:10]} 55. Bc6 {[%clk 00:13:25]
[%emt 00:05:13]} Ka7 {[%clk 00:01:01] [%emt 00:02:05]} 56. Rb5 {[%clk 00:05:08]
[%emt 00:08:47]} Rd1+ {[%clk 00:00:53] [%emt 00:00:38]} 57. Kc7 {[%clk 00:05:13]
[%emt 00:00:25]} Rdc1 {[%clk 00:01:18] [%emt 00:00:05]} 58. Rb7+ {[%clk
00:05:22] [%emt 00:00:21]} Ka6 {[%clk 00:01:47]} 0-1

[Site "Europe Echecs"]

[Event "Grand Swiss "]
[Date "2025.09.14"]
[White "Sargsyan, Shant"]
[Black "Rapport, Richard"]
[WhiteElo "2653"]
[BlackElo "2711"]
[Round "10.10.11"]
[Result "1/2-1/2"]

1. e4 {[%clk 01:39:44] [%emt 00:01:15]} c5 {[%clk 01:40:42] [%emt 00:00:19]} 2.
Nf3 {[%clk 01:40:04] [%emt 00:00:10]} d6 {[%clk 01:40:37] [%emt 00:00:35]} 3.
Bb5+ {[%clk 01:40:00] [%emt 00:00:34]} Bd7 {[%clk 01:40:49] [%emt 00:00:18]} 4.
Bxd7+ {[%clk 01:39:55] [%emt 00:00:35]} Nxd7 {[%clk 01:41:09] [%emt 00:00:10]}
5. O-O {[%clk 01:39:55] [%emt 00:00:30]} e6 {[%clk 01:41:10] [%emt 00:00:28]} 6.
b3 {[%clk 01:38:27] [%emt 00:01:59]} Ngf6 {[%clk 01:39:21] [%emt 00:02:18]} 7.
Qe2 {[%clk 01:38:49] [%emt 00:00:09]} g6 {[%clk 01:39:46] [%emt 00:00:05]} 8. d4
{[%clk 01:38:06] [%emt 00:01:13]} cxd4 {[%clk 01:38:29] [%emt 00:01:47]} 9. Nxd4
{[%clk 01:38:29] [%emt 00:00:07]} Bg7 {[%clk 01:38:47] [%emt 00:00:12]} 10. Ba3
{[%clk 01:38:38] [%emt 00:00:21]} Nc5 {[%clk 01:23:58] [%emt 00:15:18]} 11. Nd2
{[%clk 01:31:13] [%emt 00:07:56]} Rc8 {[%clk 01:14:30] [%emt 00:09:59]} 12. Nb5
{[%clk 01:17:49] [%emt 00:13:54]} a6 {[%clk 01:11:49] [%emt 00:03:11]} 13. Nxd6+
{[%clk 01:15:32] [%emt 00:02:47]} Qxd6 {[%clk 01:12:13] [%emt 00:00:06]} 14. e5
{[%clk 01:15:56] [%emt 00:00:06]} Qc6 {[%clk 01:10:31] [%emt 00:02:12]} 15. exf6
{[%clk 01:13:40] [%emt 00:02:47]} Bxf6 {[%clk 01:10:58] [%emt 00:00:03]} 16.
Rad1 {[%clk 01:13:01] [%emt 00:01:09]} O-O {[%clk 01:10:41] [%emt 00:00:46]} 17.
Bxc5 {[%clk 00:59:18] [%emt 00:14:14]} Qxc5 {[%clk 01:08:40] [%emt 00:02:31]}
18. Ne4 {[%clk 00:59:43] [%emt 00:00:05]} Qe5 {[%clk 01:08:10] [%emt 00:01:00]}
19. Nxf6+ {[%clk 00:59:03] [%emt 00:01:11]} Qxf6 {[%clk 01:08:09] [%emt
00:00:31]} 20. c4 {[%clk 00:59:26] [%emt 00:00:06]} Rfd8 {[%clk 01:05:07] [%emt
00:03:31]} 21. g3 {[%clk 00:57:26] [%emt 00:02:31]} Qc3 {[%clk 01:03:14] [%emt
00:02:23]} 22. Rxd8+ {[%clk 00:56:17] [%emt 00:01:39]} Rxd8 {[%clk 01:03:42]
[%emt 00:00:02]} 23. Rd1 {[%clk 00:56:39] [%emt 00:00:08]} Rxd1+ {[%clk
01:04:02] [%emt 00:00:09]} 24. Qxd1 {[%clk 00:57:06] [%emt 00:00:03]} a5 {[%clk
01:04:08] [%emt 00:00:25]} 25. Qd7 {[%clk 00:54:52] [%emt 00:02:42]} Qe1+ {[%clk
01:04:17] [%emt 00:00:22]} 26. Kg2 {[%clk 00:55:18] [%emt 00:00:05]} Qe4+ {[%clk
01:04:40] [%emt 00:00:06]} 27. Kg1 {[%clk 00:55:41] [%emt 00:00:07]} Qe1+ {[%clk
01:03:56] [%emt 00:01:14]} 28. Kg2 {[%clk 00:56:03] [%emt 00:00:08]} Qe4+ {[%clk
01:04:23] [%emt 00:00:02]} 29. Kg1 {[%clk 00:56:29] [%emt 00:00:05]} Qb1+ {[%clk
01:04:49] [%emt 00:00:04]} 30. Kg2 {[%clk 00:56:54] [%emt 00:00:06]} Qe4+ {[%clk
01:05:16] [%emt 00:00:02]} 31. Kg1 {[%emt 00:00:06]} 1/2-1/2

[Site "Europe Echecs"]

[Event "Grand Swiss "]
[Date "2025.09.14"]
[White "Liang, Awonder"]
[Black "Theodorou, Nikolas"]
[WhiteElo "2698"]
[BlackElo "2646"]
[Round "10.10.12"]
[Result "1-0"]

1. e4 {[%clk 01:40:58]} e5 {[%clk 01:40:54] [%emt 00:00:06]} 2. Nf3 {[%clk
01:41:23] [%emt 00:00:06]} Nf6 {[%clk 01:41:18] [%emt 00:00:05]} 3. Nxe5 {[%clk
01:41:48] [%emt 00:00:06]} d6 {[%clk 01:41:42] [%emt 00:00:06]} 4. Nf3 {[%clk
01:42:11] [%emt 00:00:07]} Nxe4 {[%clk 01:42:05] [%emt 00:00:06]} 5. d4 {[%clk
01:42:26] [%emt 00:00:16]} d5 {[%clk 01:42:26] [%emt 00:00:10]} 6. Bd3 {[%clk
01:42:49] [%emt 00:00:07]} Bd6 {[%clk 01:42:51] [%emt 00:00:04]} 7. O-O {[%clk
01:43:12] [%emt 00:00:07]} O-O {[%clk 01:43:16] [%emt 00:00:05]} 8. c4 {[%clk
01:43:38] [%emt 00:00:05]} c6 {[%clk 01:43:42] [%emt 00:00:04]} 9. Re1 {[%clk
01:44:02] [%emt 00:00:06]} Bf5 {[%clk 01:43:36] [%emt 00:00:36]} 10. cxd5 {[%clk
01:44:25] [%emt 00:00:07]} cxd5 {[%clk 01:44:00] [%emt 00:00:06]} 11. Nc3 {[%clk
01:44:50] [%emt 00:00:06]} Nxc3 {[%clk 01:43:08] [%emt 00:01:22]} 12. bxc3
{[%clk 01:45:17] [%emt 00:00:02]} Bxd3 {[%clk 01:43:30] [%emt 00:00:07]} 13.
Qxd3 {[%clk 01:45:39] [%emt 00:00:08]} Nd7 {[%clk 01:41:19] [%emt 00:02:41]} 14.
Qf5 {[%clk 01:46:00] [%emt 00:00:09]} Nb6 {[%clk 01:41:32] [%emt 00:00:17]} 15.
Ng5 {[%clk 01:46:23] [%emt 00:00:07]} g6 {[%clk 01:41:58] [%emt 00:00:04]} 16.
Qh3 {[%clk 01:46:47] [%emt 00:00:06]} h5 {[%clk 01:42:25] [%emt 00:00:03]} 17.
g4 {[%clk 01:47:11] [%emt 00:00:06]} Qd7 {[%clk 01:40:28] [%emt 00:02:27]} 18.
gxh5 {[%clk 01:47:33] [%emt 00:00:08]} Qxh3 {[%clk 01:40:51] [%emt 00:00:06]}
19. Nxh3 {[%clk 01:47:59] [%emt 00:00:04]} Rfe8 {[%clk 01:40:18] [%emt
00:01:03]} 20. Bf4 {[%clk 01:48:23] [%emt 00:00:06]} Bxf4 {[%clk 01:34:36] [%emt
00:06:12]} 21. Nxf4 {[%clk 01:48:50] [%emt 00:00:03]} g5 {[%clk 01:34:57] [%emt
00:00:10]} 22. Nh3 {[%clk 01:49:15] [%emt 00:00:05]} f6 {[%clk 01:31:26] [%emt
00:04:01]} 23. f4 {[%clk 01:37:29] [%emt 00:12:15]} Na4 {[%clk 01:28:27] [%emt
00:03:29]} 24. fxg5 {[%clk 01:22:02] [%emt 00:15:58]} fxg5 {[%clk 01:27:38]
[%emt 00:01:18]} 25. Nxg5 {[%clk 01:21:44] [%emt 00:00:48]} Nxc3 {[%clk
00:55:27] [%emt 00:32:41]} 26. h6 {[%clk 01:20:29] [%emt 00:01:45]} a5 {[%clk
00:55:53] [%emt 00:00:05]} 27. h4 {[%clk 01:13:03] [%emt 00:07:56]} b5 {[%clk
00:37:11] [%emt 00:19:12]} 28. Rxe8+ {[%clk 00:33:11] [%emt 00:40:22]} Rxe8
{[%clk 00:36:51] [%emt 00:00:50]} 29. Rf1 {[%clk 00:31:57] [%emt 00:01:45]} Ne2+
{[%clk 00:31:57] [%emt 00:05:24]} 30. Kg2 {[%clk 00:31:51] [%emt 00:00:36]} Nxd4
{[%clk 00:32:21] [%emt 00:00:07]} 31. Rf6 {[%clk 00:31:52] [%emt 00:00:28]} Kh8
{[%clk 00:32:49] [%emt 00:00:02]} 32. Kg3 {[%clk 00:31:59] [%emt 00:00:23]} b4
{[%clk 00:32:57] [%emt 00:00:22]} 33. Kg4 {[%clk 00:31:52] [%emt 00:00:37]} a4
{[%clk 00:33:22] [%emt 00:00:06]} 34. Rf7 {[%clk 00:32:16] [%emt 00:00:05]} Ne6
{[%clk 00:32:35] [%emt 00:01:17]} 35. Rh7+ {[%clk 00:32:02] [%emt 00:00:45]} Kg8
{[%clk 00:33:03] [%emt 00:00:02]} 36. Rb7 {[%clk 00:32:24] [%emt 00:00:07]} Nxg5
{[%clk 00:29:33] [%emt 00:04:00]} 37. hxg5 {[%clk 00:32:06] [%emt 00:00:48]} b3
{[%clk 00:18:04] [%emt 00:11:59]} 38. axb3 {[%clk 00:32:25] [%emt 00:00:11]}
axb3 {[%clk 00:18:13] [%emt 00:00:21]} 39. g6 {[%clk 00:32:40] [%emt 00:00:15]}
b2 {[%clk 00:18:02] [%emt 00:00:41]} 40. h7+ {[%clk 00:32:38] [%emt 00:00:32]}
Kh8 {[%clk 00:18:30] [%emt 00:00:02]} 41. Kg5 {[%clk 00:33:00] [%emt 00:00:08]}
Re2 {[%clk 00:15:29] [%emt 00:03:31]} 42. Rb8+ {[%clk 00:33:22] [%emt 00:00:08]}
Kg7 {[%clk 00:15:55] [%emt 00:00:05]} 43. h8=B# {[%emt 00:00:11]} 1-0

[Site "Europe Echecs"]

[Event "Grand Swiss "]
[Date "2025.09.14"]
[White "Woodward, Andy"]
[Black "Maghsoodloo, Parham"]
[WhiteElo "2557"]
[BlackElo "2692"]
[Round "10.10.13"]
[Result "1-0"]

1. d4 {[%clk 01:40:56] [%emt 00:00:03]} d5 {[%clk 01:40:30] [%emt 00:00:30]} 2.
c4 {[%clk 01:41:12] [%emt 00:00:14]} e6 {[%clk 01:40:53] [%emt 00:00:08]} 3. Nf3
{[%clk 01:41:35] [%emt 00:00:07]} Nf6 {[%clk 01:41:09] [%emt 00:00:14]} 4. g3
{[%clk 01:41:54] [%emt 00:00:10]} dxc4 {[%clk 01:41:21] [%emt 00:00:19]} 5. Bg2
{[%clk 01:41:49] [%emt 00:00:34]} a6 {[%clk 01:41:02] [%emt 00:00:50]} 6. O-O
{[%clk 01:41:41] [%emt 00:00:37]} Nc6 {[%clk 01:40:36] [%emt 00:00:58]} 7. Qc2
{[%clk 01:41:36] [%emt 00:00:35]} Nxd4 {[%clk 01:35:45] [%emt 00:05:21]} 8. Nxd4
{[%clk 01:41:56] [%emt 00:00:10]} Qxd4 {[%clk 01:36:10] [%emt 00:00:05]} 9. Nd2
{[%clk 01:42:15] [%emt 00:00:10]} c3 {[%clk 01:33:32] [%emt 00:03:09]} 10. bxc3
{[%clk 01:42:35] [%emt 00:00:09]} Qc5 {[%clk 01:20:06] [%emt 00:13:56]} 11. Rb1
{[%clk 01:38:59] [%emt 00:04:06]} Bd6 {[%clk 01:11:27] [%emt 00:09:09]} 12. c4
{[%clk 01:31:43] [%emt 00:07:45]} Qh5 {[%clk 01:05:40] [%emt 00:06:17]} 13. Ne4
{[%clk 01:13:20] [%emt 00:18:54]} Nxe4 {[%clk 01:04:46] [%emt 00:01:25]} 14. Bf3
{[%clk 01:10:35] [%emt 00:03:15]} Qa5 {[%clk 01:01:16] [%emt 00:03:59]} 15. Bxe4
{[%clk 01:08:52] [%emt 00:02:13]} c6 {[%clk 00:55:55] [%emt 00:05:51]} 16. Rd1
{[%clk 01:03:03] [%emt 00:06:18]} Be7 {[%clk 00:48:38] [%emt 00:07:47]} 17. Bb2
{[%clk 00:56:35] [%emt 00:06:59]} Qg5 {[%clk 00:46:58] [%emt 00:02:09]} 18. h4
{[%clk 00:55:44] [%emt 00:01:22]} Qh6 {[%clk 00:47:17] [%emt 00:00:12]} 19. Be5
{[%clk 00:55:18] [%emt 00:00:55]} f6 {[%clk 00:34:30] [%emt 00:13:17]} 20. Bc7
{[%clk 00:51:05] [%emt 00:04:43]} f5 {[%clk 00:27:41] [%emt 00:07:20]} 21. Bg2
{[%clk 00:47:04] [%emt 00:04:30]} O-O {[%clk 00:23:55] [%emt 00:04:15]} 22. Qc3
{[%clk 00:44:24] [%emt 00:03:11]} a5 {[%clk 00:19:48] [%emt 00:04:38]} 23. c5
{[%clk 00:43:30] [%emt 00:01:24]} Bf6 {[%clk 00:19:57] [%emt 00:00:21]} 24. Qc4
{[%clk 00:41:11] [%emt 00:02:50]} Qg6 {[%clk 00:19:06] [%emt 00:01:21]} 25. e4
{[%clk 00:35:47] [%emt 00:05:54]} Qf7 {[%clk 00:18:22] [%emt 00:01:13]} 26. Bd6
{[%clk 00:35:46] [%emt 00:00:31]} e5 {[%clk 00:17:42] [%emt 00:01:11]} 27. Qc2
{[%clk 00:33:15] [%emt 00:03:01]} Be7 {[%clk 00:12:00] [%emt 00:06:12]} 28. Bxe5
{[%clk 00:33:29] [%emt 00:00:16]} a4 {[%clk 00:11:35] [%emt 00:00:54]} 29. Bd6
{[%clk 00:29:11] [%emt 00:04:48]} Bxd6 {[%clk 00:11:18] [%emt 00:00:48]} 30.
cxd6 {[%clk 00:29:09] [%emt 00:00:32]} Be6 {[%clk 00:11:39] [%emt 00:00:08]} 31.
e5 {[%clk 00:27:59] [%emt 00:01:40]} f4 {[%clk 00:09:53] [%emt 00:02:17]} 32. d7
{[%clk 00:22:53] [%emt 00:05:36]} fxg3 {[%clk 00:08:14] [%emt 00:02:08]} 33.
fxg3 {[%clk 00:23:17] [%emt 00:00:07]} Bxa2 {[%clk 00:06:48] [%emt 00:01:56]}
34. Rxb7 {[%clk 00:21:27] [%emt 00:02:19]} Bb3 {[%clk 00:07:16] [%emt 00:00:02]}
35. Rxb3 {[%clk 00:17:40] [%emt 00:04:17]} axb3 {[%clk 00:07:37] [%emt
00:00:10]} 36. Qxc6 {[%clk 00:18:04] [%emt 00:00:06]} Qf2+ {[%clk 00:07:18]
[%emt 00:00:48]} 37. Kh2 {[%clk 00:18:32] [%emt 00:00:02]} b2 {[%clk 00:07:02]
[%emt 00:00:46]} 38. Qd5+ {[%clk 00:18:52] [%emt 00:00:10]} Qf7 {[%clk 00:05:39]
[%emt 00:01:54]} 39. Qxa8 {[%clk 00:19:06] [%emt 00:00:16]} 1-0

[Site "Europe Echecs"]